Social and cultural mobility
Сохранить в:
| Главный автор: | |
|---|---|
| Формат: | |
| Язык: | английский |
| Опубликовано: |
Glencoe
The Free Press
1964
|
| Предметы: | |
| Метки: |
Добавить метку
Нет меток, Требуется 1-ая метка записи!
|
MARC
| LEADER | 00000nam a2200000 a 4500 | ||
|---|---|---|---|
| 001 | UCX4388 | ||
| 003 | CL-VaPUC | ||
| 008 | 920429e19640000US |||||||||||||||||eng|d | ||
| 082 | 0 | 4 | |a 305 |b SOR |2 21 |
| 100 | 0 | |a Sorokin, Pitirim A |e author |9 320535 | |
| 245 | 1 | 0 | |a Social and cultural mobility |
| 300 | |a 645 p | ||
| 942 | |c BK | ||
| 945 | |d 19920429 00:00:00 | ||
| 260 | |a Glencoe |b The Free Press |c 1964 | ||
| 650 | 0 | |a Clases sociales |9 256858 | |
| 650 | 7 | |a ESTRUCTURA SOCIAL |2 CL-VaPUC |9 320536 | |
| 650 | 0 | |a Movilidad social |9 315088 | |
| 583 | |a last modification |c 19920429 00:00:00 |k Rodrigo Vera | ||
| 999 | |c 224854 |d 224852 | ||
| 952 | |0 0 |1 0 |4 0 |6 305_000000000000000_SOR_1964 |7 0 |8 P |9 221853 |a BIBGIM |b BIBGIM |d 2019-11-15 |i 2907402 |o 305 SOR 1964 |p 2907402 |r 2025-01-15 |w 2019-11-15 |y BK |k SSL | ||